00687nam a2200157Ia 4500008004100000100003600041245008500077245012600162260005300288260000900341300001100350650001500361856006100376999001900437952007300456170221s9999 xx 000 0 und d aAizhan Каyrgeldinovna Uasheva aSocial Orphancy: Sociological Analysis of Personal Motives to Child Abandonment  cAizhan Каyrgeldinovna Uasheva, Anar Bulatovna Buharova, Asemgul Temirkhanovna Ayazbayeva, Gulazya Duysenhanovna Isahova bInternational Review of Management and Marketing c2016 a6 : 3S xMarketing. uhttp://www.econjournals.com/index.php/irmm/issue/view/75 c308471d308471 001040aCLbCLd2017-02-21l0r2017-02-21 00:00:00w2017-02-21yFOJ